| 000 | 00774nam a2200265 a 4500 | ||
|---|---|---|---|
| 001 | 00011364 | ||
| 005 | 20251029192215.0 | ||
| 008 | 110328s2004 njua g 000 0 eng d | ||
| 020 |
_a047126508X : _cTK8645.00 |
||
| 040 |
_aBD-DhIUB _cBD-DhIUB |
||
| 082 | 0 | 4 |
_a615.9 _219 |
| 100 | 1 | _aHodgson, Ernest (editor) | |
| 245 | 0 | 0 |
_aA Textbook of Modern Toxicology / _cErnest (editor) Hodgson |
| 250 | _a1st ed. | ||
| 260 |
_aNew Jersey : _bJohn Wiley and Sons, Inc, _c2004. |
||
| 300 |
_axxi, 557p. : _billus ; _c26cm |
||
| 520 | 0 | _aEnvironment Management | |
| 556 | _a2006\07\16 | ||
| 650 | 1 | 7 |
_aToxicology _2Spines |
| 650 | 1 | 7 |
_aToxins _2Spines |
| 650 | 1 | 7 |
_aPollutants _2Spines |
| 650 | 1 | 7 |
_aHealth Hazards _2Spines |
| 999 |
_c518 _d518 |
||
| 526 | _bphr | ||